000 00288nam a22001337a 4500
008 170222b xxu||||| |||| 00| 0 eng d
020 _a0815176988
041 _aeng
080 _a617
100 _a5
101 _aSHK
245 _aYEAR BOOK SURGERY 1989
_cSCHWARTZ.S.I
942 _2udc
_cBK
999 _c6124
_d6124